Statistiques concernant Focus sur: Bill Fougeron - Tolkien

Cliquez ici pour prendre le quiz!

Statistiques générales

  • Ce quiz a été pris 7 fois
  • Le résultat moyen est 7 sur 11

Statistiques - réponses

Informations recherchéesRéponses% Correct
EspèceHomme
100%
Première apparitionLe Seigneur des Anneaux: La Communauté de l'Anneau
100%
Couleur des cheveuxNoir
100%
Age durant lequel il vécutTroisième
100%
CitéBree
86%
ContréePays-de-Bree
86%
MontureBill
71%
Profession et titreGardien du pont des Arbalètes
57%
Ferny
29%
Autres traductions du nomFougeard
14%
Acteur l'interprétant dans les filmsDallas Barnett
0%

Distribution des résultats

Percentile par nombre de réponses

% des personnes avec chaque résultat

Votre développement - résultats

Vous n’avez pas pris ce quiz